<?xml version="1.0" encoding="UTF-8"?>
<record
    xmlns:xsi="http://www.w3.org/2001/XMLSchema-instance"
    xsi:schemaLocation="http://www.loc.gov/MARC21/slim http://www.loc.gov/standards/marcxml/schema/MARC21slim.xsd"
    xmlns="http://www.loc.gov/MARC21/slim">

  <leader>01200nam a22002297a 4500</leader>
  <controlfield tag="005">20220505142756.0</controlfield>
  <controlfield tag="008">220505b        xxu||||| |||| 00| 0 spa d</controlfield>
  <datafield tag="020" ind1=" " ind2=" ">
    <subfield code="a">9789968702720</subfield>
  </datafield>
  <datafield tag="041" ind1=" " ind2=" ">
    <subfield code="a">spa</subfield>
  </datafield>
  <datafield tag="082" ind1=" " ind2=" ">
    <subfield code="a">574.5 M722a</subfield>
  </datafield>
  <datafield tag="100" ind1=" " ind2=" ">
    <subfield code="a">Molina Vega, Efr&#xE9;n</subfield>
    <subfield code="9">23673</subfield>
  </datafield>
  <datafield tag="245" ind1=" " ind2=" ">
    <subfield code="a">Aprendiendo a conservar: l&#xE1;minas did&#xE1;cticas del manual de actividades escolares</subfield>
  </datafield>
  <datafield tag="260" ind1=" " ind2=" ">
    <subfield code="a">Costa Rica</subfield>
  </datafield>
  <datafield tag="260" ind1=" " ind2=" ">
    <subfield code="b">InBio</subfield>
  </datafield>
  <datafield tag="505" ind1=" " ind2=" ">
    <subfield code="a">L&#xE1;mina 1 Ecosistemas de Costa Rica: El p&#xE1;ramo
L&#xE1;mina 2 Ecosistemas de Costa Rica: El bosque tropical nuboso
L&#xE1;mina 3 Ecosistemas de Costa Rica: El bosque tropical h&#xFA;medo
L&#xE1;mina 4 Ecosistemas de Costa Rica: El bosque tropical seco
L&#xE1;mina 5 Ecosistemas de Costa Rica: El manglar 
L&#xE1;mina 6 Ecosistemas de Costa Rica: El arrecife de coral
L&#xE1;mina 7 Recursos naturales
L&#xE1;mina 8 Contaminaci&#xF3;n ambiental
L&#xE1;mina 9 Sobreexplotaci&#xF3;n ambiental
L&#xE1;mina 10 Desarrollo sostenible
L&#xE1;mina 11 Ecodiccionario A
L&#xE1;mina 12 Ecodiccionario B</subfield>
  </datafield>
  <datafield tag="650" ind1=" " ind2=" ">
    <subfield code="a">ACTIVIDADES ESCOLARES</subfield>
    <subfield code="9">63267</subfield>
  </datafield>
  <datafield tag="650" ind1=" " ind2=" ">
    <subfield code="a">ECOSISTEMAS</subfield>
    <subfield code="9">1110</subfield>
  </datafield>
  <datafield tag="650" ind1=" " ind2=" ">
    <subfield code="a">RECURSOS NATURALES</subfield>
    <subfield code="9">1141</subfield>
  </datafield>
  <datafield tag="650" ind1=" " ind2=" ">
    <subfield code="a">CONTAMINACI&#xD3;N AMBIENTAL</subfield>
    <subfield code="9">1660</subfield>
  </datafield>
  <datafield tag="650" ind1=" " ind2=" ">
    <subfield code="a">DESARROLLO SOSTENIBLE</subfield>
    <subfield code="9">1111</subfield>
  </datafield>
  <datafield tag="942" ind1=" " ind2=" ">
    <subfield code="c">MATDID</subfield>
  </datafield>
  <datafield tag="999" ind1=" " ind2=" ">
    <subfield code="c">13360</subfield>
    <subfield code="d">13360</subfield>
  </datafield>
  <datafield tag="952" ind1=" " ind2=" ">
    <subfield code="1">0</subfield>
    <subfield code="4">0</subfield>
    <subfield code="7">0</subfield>
    <subfield code="a">BACB</subfield>
    <subfield code="b">BACB</subfield>
    <subfield code="o">574.5 M722a</subfield>
    <subfield code="p">LDAC01</subfield>
    <subfield code="w">2022-05-05</subfield>
    <subfield code="y">MATDID</subfield>
  </datafield>
</record>
